Management information systems / (Record no. 81167)
[ view plain ]
| 000 -LEADER | |
|---|---|
| fixed length control field | 01442nam a22003977a 4500 |
| 005 - DATE AND TIME OF LATEST TRANSACTION | |
| control field | 20181022154647.0 |
| 010 ## - LCCN (DPL NO) | |
| LC control number | ENG-108803 B-710621 |
| 020 ## - INTERNATIONAL STANDARD BOOK NUMBER | |
| International Standard Book Number | 9781259026713 |
| Terms of availability | 650.00 |
| 020 ## - INTERNATIONAL STANDARD BOOK NUMBER | |
| International Standard Book Number | 125902671x |
| Terms of availability | 650.00 |
| 020 ## - INTERNATIONAL STANDARD BOOK NUMBER | |
| International Standard Book Number | 9781259026713 |
| Terms of availability | 760.00 (AV) |
| 020 ## - INTERNATIONAL STANDARD BOOK NUMBER | |
| International Standard Book Number | 9780070620032 |
| 035 ## - SYSTEM CONTROL NUMBER | |
| System control number | EN-92336 |
| 035 ## - SYSTEM CONTROL NUMBER | |
| System control number | B-534882-884 |
| 035 ## - SYSTEM CONTROL NUMBER | |
| System control number | B-664561 |
| 035 ## - SYSTEM CONTROL NUMBER | |
| System control number | B-710621 |
| 037 ## - SOURCE OF ACQUISITION | |
| Source of stock number/acquisition | DBAD/PUB |
| 037 ## - SOURCE OF ACQUISITION | |
| Source of stock number/acquisition | BSB/Ven |
| Stock number | dpl |
| 037 ## - SOURCE OF ACQUISITION | |
| Source of stock number/acquisition | Tata Mc Graw Hill |
| 082 ## - DEWEY DECIMAL CLASSIFICATION NUMBER | |
| Classification number | 658.4038011 |
| 082 ## - DEWEY DECIMAL CLASSIFICATION NUMBER | |
| Classification number | 658.4038 |
| 100 ## - MAIN ENTRY--PERSONAL NAME | |
| Personal name | O’Brien, James A. |
| Dates associated with a name | 1936- |
| 245 ## - TITLE STATEMENT | |
| Title | Management information systems / |
| Statement of responsibility, etc | by James A. O’Brien, George M. Marakas [and] Ramesh Behl |
| 250 ## - EDITION STATEMENT | |
| Edition statement | 7th ed. |
| 260 ## - PUBLICATION, DISTRIBUTION, ETC. (IMPRINT) | |
| Place of publication, distribution, etc | New Delhi |
| Name of publisher, distributor, etc | McGraw Hill Education |
| Date of publication, distribution, etc | 2013 |
| -- | 2009 |
| 270 ## - ADDRESS | |
| Address | P-24 Green Park Extension |
| City | New Delhi |
| Postal code | 110016 |
| 270 ## - ADDRESS | |
| Address | 7 West Patel Nagar |
| City | New Delhi |
| Postal code | 110008 |
| 300 ## - PHYSICAL DESCRIPTION | |
| Extent | xxvii, 617p. |
| Dimensions | 24cm (pbk) |
| Other physical details | ill. |
| 500 ## - GENERAL NOTE | |
| General note | Includes bibliographical references and index |
| 650 ## - SUBJECT ADDED ENTRY--TOPICAL TERM | |
| Topical term or geographic name as entry element | Management information systems |
| 700 ## - ADDED ENTRY--PERSONAL NAME | |
| Personal name | Marakas, George M. |
| 700 ## - ADDED ENTRY--PERSONAL NAME | |
| Personal name | Behl, Ramesh |
| 942 ## - ADDED ENTRY ELEMENTS (KOHA) | |
| Source of classification or shelving scheme | Dewey Decimal Classification |
| Item type | English Books |
| Call number suffix | OBR |
| Classification part | 658.4038 |
| Withdrawn status | Lost status | Not for loan | Collection code | Home library | Current library | Date acquired | Source of acquisition | Cost, normal purchase price | Full call number | Barcode | Copy number | Cost, replacement price | Koha item type |
|---|---|---|---|---|---|---|---|---|---|---|---|---|---|
| Non-fiction | Ashok Vihar | Ashok Vihar | 08/08/2017 | BPPD/EN/2013-14/AV/2016-17/15.2.2017/IN502/28.2.2017/ 6.3.2017 | 760.00 | 658.4038 OBR | B-664561 | 1 | 760.00 | English Books | |||
| Non-fiction | Ashok Vihar | Ashok Vihar | 22/10/2018 | Gift/16-10-2018 | 658.4038 OBR | B-710621 | 1 | English Books | |||||
| Non-fiction | Central Library | Central Library | 06/08/2014 | BSB/IN603/27.03.2014/143/25.03.2014/29.03.2014 | 650.00 | 658.4038 OBR | B-534882 | 1 | 650.00 | English Books | |||
| Not For Loan | Non-fiction | D.B.Act.Division | D.B.Act.Division | 17/12/2013 | DBAD/PUB | 650.00 | 658.4038011 OBR | EN-92336 | 1 | 650.00 | English Books | ||
| Non-fiction | Karol Bagh | Karol Bagh | 06/08/2014 | BSB/IN603/27.03.2014/143/25.03.2014/29.03.2014 | 650.00 | 658.4038 OBR | B-534883 | 1 | 650.00 | English Books | |||
| Non-fiction | Narela | Narela | 06/08/2014 | BSB/IN603/27.03.2014/143/25.03.2014/29.03.2014 | 650.00 | 658.4038 OBR | B-534884 | 1 | 650.00 | English Books |
